000 01032cam a2200289 4500
008 090401t1996 xxu||||| |||| 00| 0 eng d
020 _a0113222386
035 _a(Sirsi) u18631
041 _aeng
050 _a690
_c18
110 _aNHS Estates
_92893
245 _aAgreement for the appointment of architects, surveyors and engineers for commissions in the National Health Service (1995 Edition). Volume 3. Duties under the Construction (Design and Management) Regulations 1994.
260 _aLondon
_bHMSO
_c1996
300 _a33p. ; 30cm.
350 _a15
520 _aA Concode document.
650 _aBUILT ENVIRONMENT-BUILDING CONTRACT FORMS
650 _aCONSTRUCTION (DESIGN AND MANAGEMENT) REGULATIONS 1994
650 _aCONDITIONS OF ENGAGEMENT
650 _aCONSTRUCTION (DESIGN AND MANAGEMENT) REGULATIONS 1994
650 _aCONSTRUCTION PROJECTS
650 _aDESIGN AND BUILD CONTRACTS
650 _aNATIONAL HEALTH SERVICE
690 _aBUILT ENVIRONMENT
942 _n0
948 _c04/03/1997
999 _c87608
_d87608